000
00342nam a2200145Ia 4500
008
150201s2007 xx 000 0 und d
082
_a
658.381
_b
GUP
100
_a
Gupta,B.R
245
_a
Power electronics
250
_a
5th Ed.
260
_b
S.K. Kataria & SONS
_a
N.Delhi
_c
2007
300
_a
593p.
700
_a
Singhal,V
942
_2
ddc
_c
BK
999
_c
5373
_d
5373